[Event "CHN-ch Gp-B"]
[Site "Liaocheng"]
[Date "2024.04.24"]
[Round "8"]
[White "Xie, Jiaxiang"]
[Black "Yang, Zilong"]
[Result "1/2-1/2"]
[WhiteElo "1757"]
[BlackElo "1918"]
[PlyCount "88"]
[EventDate "2024.04.21"]
[EventType "swiss"]
[EventRounds "11"]
[EventCountry "CHN"]
[SourceTitle "CB18_2024"]
[SourceDate "2024.05.01"]
[SourceVersion "1"]
[SourceVersionDate "2024.05.01"]
[SourceQuality "2"]

1. e4 c5 2. Nf3 e6 3. c3 d5 4. exd5 Qxd5 5. d4 Nf6 6. Na3 Nc6 7. Be2 cxd4 8. Nb5 Qd8 9. 0-0 a6 10. Nbxd4 Nxd4 11. Qxd4 Qxd4 12. Nxd4 Bd6 13. Rd1 Ke7 14. Bg5 h6 15. Bh4 g5 16. Bg3 Bxg3 17. hxg3 Rd8 18. Nf3 Bd7 19. Ne5 Rac8 20. Bf3 Rc7 21. Rd4 Be8 22. Rad1 Rxd4 23. Rxd4 Nd7 24. Nxd7 Bxd7 25. Kf1 e5 26. Rd1 Be6 27. a3 f5 28. Ke2 b5 29. Ke3 Rd7 30. Rh1 Bc4 31. b3 Bxb3 32. Rxh6 Bc4 33. Rh7+ Kd6 34. Rxd7+ Kxd7 35. Bb7 a5 36. f4 gxf4+ 37. gxf4 Kd6 38. Ba6 a4 39. Bc8 Be6 40. fxe5+ Kxe5 41. Bxe6 Kxe6 42. Kd4 Kd6 43. c4 bxc4 44. Kxc4 Ke5 1/2-1/2

[Event "CHN-ch U14"]
[Site "Shanghai"]
[Date "2024.02.20"]
[Round "9"]
[White "Xie, Jiaxiang"]
[Black "Yan, Zimo"]
[Result "1-0"]
[WhiteElo "1611"]
[BlackElo "1367"]
[PlyCount "79"]
[EventDate "2024.02.16"]
[EventType "swiss"]
[EventRounds "11"]
[EventCountry "CHN"]
[SourceTitle "CB09_2024"]
[SourceDate "2024.02.28"]
[SourceVersion "1"]
[SourceVersionDate "2024.02.28"]
[SourceQuality "1"]

1. e4 e6 2. d3 c5 3. Nf3 Nc6 4. Nbd2 e5 5. c3 d6 6. Be2 g6 7. 0-0 Bg7 8. Re1 Nge7 9. Nf1 0-0 10. b3 f5 11. Bb2 h6 12. Qd2 g5 13. h3 Ng6 14. exf5 Bxf5 15. Ng3 d5 16. Nxf5 Rxf5 17. Nh2 Qd6 18. Bg4 Rff8 19. Nf1 b5 20. Ng3 Nf4 21. Nh5 Rad8 22. Nxf4 Rxf4 23. g3 Rf7 24. Bh5 Rf5 25. Re2 a5 26. Rae1 a4 27. bxa4 bxa4 28. Ba3 Na5 29. Qc2 Qc6 30. d4 e4 31. Bxc5 Nb7 32. Be7 Rb8 33. Rb1 Qc7 34. Bg4 Rf7 35. Ba3 Qc6 36. Rb4 Rc7 37. Rxa4 Qxc3 38. Qxc3 Rxc3 39. Be6+ Kh8 40. Bxd5 1-0

[Event "CHN-ch U14"]
[Site "Shanghai"]
[Date "2024.02.20"]
[Round "10"]
[White "Zhang, Enming"]
[Black "Xie, Jiaxiang"]
[Result "0-1"]
[WhiteElo "1468"]
[BlackElo "1611"]
[PlyCount "96"]
[EventDate "2024.02.16"]
[EventType "swiss"]
[EventRounds "11"]
[EventCountry "CHN"]
[SourceTitle "CB09_2024"]
[SourceDate "2024.02.28"]
[SourceVersion "1"]
[SourceVersionDate "2024.02.28"]
[SourceQuality "1"]

1. d4 Nf6 2. Nf3 d6 3. c4 Nbd7 4. Nc3 e5 5. e4 Be7 6. Be2 0-0 7. 0-0 c6 8. h3 Qc7 9. Be3 Re8 10. Qc2 Nf8 11. c5 dxc5 12. dxc5 h6 13. Bc4 Be6 14. Ne2 Nh5 15. b4 Bxc4 16. Qxc4 Ne6 17. Rfd1 Rad8 18. Qc2 Bg5 19. Bxg5 hxg5 20. Rxd8 Rxd8 21. Rd1 f6 22. Rxd8+ Qxd8 23. Qd2 Nhf4 24. Qxd8+ Nxd8 25. Nxf4 gxf4 26. Nd2 Kf7 27. g3 Ke6 28. Kg2 fxg3 29. Kxg3 b6 30. cxb6 axb6 31. f4 Nb7 32. fxe5 fxe5 33. Kf3 c5 34. bxc5 Nxc5 35. Ke3 b5 36. Nb3 Nxb3 37. axb3 Kf6 38. Kf3 Kg5 39. Kg3 b4 40. h4+ Kh5 41. Kh3 g6 42. Kg3 g5 43. hxg5 Kxg5 44. Kf3 Kh4 45. Ke3 Kg3 46. Kd3 Kf4 47. Kc4 Kxe4 48. Kxb4 Kd4 0-1

[Event "Hohhot National op"]
[Site "Hohhot"]
[Date "2023.12.24"]
[Round "9"]
[White "Xie, Jiaxiang"]
[Black "Zhang, Qianyi"]
[Result "0-1"]
[WhiteElo "1635"]
[BlackElo "1523"]
[PlyCount "158"]
[EventDate "2023.12.20"]
[EventType "swiss"]
[EventRounds "9"]
[EventCountry "CHN"]
[SourceTitle "CB52_2023"]
[SourceDate "2023.12.27"]
[SourceVersion "1"]
[SourceVersionDate "2023.12.27"]
[SourceQuality "1"]

1. e4 c5 2. Nf3 d6 3. Bb5+ Nd7 4. 0-0 a6 5. Bd3 Ngf6 6. c3 b5 7. Bc2 Bb7 8. Re1 c4 9. b3 e6 10. Ba3 Be7 11. d4 cxd3 12. Bxd3 Qb6 13. Nbd2 Nc5 14. Bc2 0-0 15. Qe2 Rfd8 16. Rac1 h6 17. Bb1 Rac8 18. Bb2 a5 19. c4 b4 20. e5 dxe5 21. Nxe5 Ba8 22. Ndf3 Nce4 23. Nd3 Nc5 24. Nxc5 Qxc5 25. Ne5 Rd6 26. Nd3 Qc6 27. f3 Rcd8 28. Be5 R6d7 29. Kh1 Bb7 30. Ba1 Qb6 31. Rcd1 Qd6 32. Bc2 Qc7 33. Be5 Bd6 34. Bxd6 Rxd6 35. Nf2 Rd4 36. Rxd4 Rxd4 37. Rd1 Qd6 38. Rxd4 Qxd4 39. Qd1 Qxd1+ 40. Nxd1 Nd7 41. Kg1 Kf8 42. Kf2 Ke7 43. Ke3 Kd6 44. Nf2 Kc5 45. Nd3+ Kd6 46. Nf4 Kc5 47. Nh5 g6 48. Nf4 Ne5 49. h4 Nc6 50. h5 gxh5 51. Nxh5 Nd4 52. Bd3 Bc6 53. Nf6 a4 54. bxa4 Nf5+ 55. Bxf5 exf5 56. Kd3 Bxa4 57. Ng8 Bd7 58. Nxh6 Be6 59. Kc2 f4 60. Ng8 Bxc4 61. Nf6 Kd4 62. Kd2 Bxa2 63. Nh5 b3 64. Nxf4 b2 65. Ne2+ Ke5 66. Nc3 b1Q 67. Nxb1 Bxb1 68. Ke3 Kf5 69. Kf2 Kf4 70. g3+ Ke5 71. Ke3 Bh7 72. f4+ Kd5 73. g4 Bb1 74. Kf3 Kd4 75. f5 Ke5 76. Kg3 Bc2 77. Kh4 Kf4 78. Kh5 Bd1 79. Kh6 Kxg4 0-1

[Event "Hohhot National op"]
[Site "Hohhot"]
[Date "2023.12.23"]
[Round "8"]
[White "Xie, Chujun"]
[Black "Xie, Jiaxiang"]
[Result "0-1"]
[WhiteElo "1362"]
[BlackElo "1635"]
[PlyCount "132"]
[EventDate "2023.12.20"]
[EventType "swiss"]
[EventRounds "9"]
[EventCountry "CHN"]
[SourceTitle "CB52_2023"]
[SourceDate "2023.12.27"]
[SourceVersion "1"]
[SourceVersionDate "2023.12.27"]
[SourceQuality "1"]

1. e4 c6 2. d4 d5 3. Nc3 dxe4 4. Nxe4 Nf6 5. Nxf6+ exf6 6. c3 Bd6 7. Bd3 0-0 8. Qc2 h6 9. Ne2 Re8 10. 0-0 Qc7 11. h3 Nd7 12. Be3 Nf8 13. Rfe1 Be6 14. c4 Qd7 15. Nc3 Rac8 16. Rad1 Qc7 17. Qd2 Qb8 18. Ne4 Bh2+ 19. Kh1 f5 20. Ng3 Bxg3 21. fxg3 Qxg3 22. Rf1 Ng6 23. Bg1 Rcd8 24. Bxf5 Bxc4 25. Rf3 Qh4 26. Bf2 Qe7 27. Rg3 Qf6 28. Qc2 Bd5 29. Bxg6 fxg6 30. Qxg6 Qxg6 31. Rxg6 Re2 32. Bh4 Rde8 33. Rf1 Kh7 34. Rg4 Rxb2 35. a3 Ree2 36. Rg1 Ra2 37. Bd8 Rxa3 38. Rb1 b5 39. Kh2 Raa2 40. Rg1 b4 41. Bc7 b3 42. Be5 g6 43. h4 h5 44. Rf4 Rf2 45. Rxf2 Rxf2 46. Ra1 Rf7 47. Bd6 Be4 48. Ba3 Rf2 49. Re1 Rxg2+ 50. Kh3 Ra2 51. Bc1 b2 52. Bxb2 Bf5+ 53. Kg3 Rxb2 54. Re7+ Kh6 55. Rxa7 Rb4 56. Rc7 Rxd4 57. Rxc6 Rg4+ 58. Kf2 Rxh4 59. Rb6 Kg5 60. Kg3 Rc4 61. Rb3 h4+ 62. Kh2 Rc2+ 63. Kg1 h3 64. Rb4 Bg4 65. Rb3 Kf4 66. Ra3 Bf3 0-1

[Event "Tianjin Binhai Cup-B 3rd"]
[Site "Tianjin"]
[Date "2023.08.24"]
[Round "8"]
[White "Wang, Puxuan"]
[Black "Xie, Jiaxiang"]
[Result "1/2-1/2"]
[WhiteElo "1334"]
[BlackElo "1694"]
[PlyCount "83"]
[EventDate "2023.08.20"]
[EventType "swiss"]
[EventRounds "9"]
[EventCountry "CHN"]
[SourceTitle "EXT 2024"]
[Source "ChessBase"]
[SourceDate "2023.10.10"]
[SourceVersion "1"]
[SourceVersionDate "2023.10.10"]
[SourceQuality "1"]

1. Nf3 f5 2. g3 Nf6 3. Bg2 e6 4. 0-0 d5 5. d4 Be7 6. c4 0-0 7. b3 c6 8. Ba3 Bxa3 9. Nxa3 b6 10. Rc1 Bb7 11. Nc2 Nbd7 12. Nce1 Qe7 13. Nd3 Rac8 14. c5 bxc5 15. Nxc5 Nxc5 16. Rxc5 Ne4 17. Rc1 c5 18. Ne5 Qd6 19. Bxe4 dxe4 20. Nc4 Qa6 21. dxc5 Rxc5 22. Qd6 Rfc8 23. Rfd1 Qxd6 24. Rxd6 Bd5 25. Rd1 Bxc4 26. bxc4 Rxc4 27. Rxe6 Rc1 28. Re8+ Rxe8 29. Rxc1 Kf7 30. Rc5 Ke6 31. Ra5 Re7 32. Kg2 g6 33. h4 Rc7 34. f3 exf3+ 35. exf3 Kf6 36. Kf2 Re7 37. Ra6+ Ke5 38. Ke3 f4+ 39. gxf4+ Kf5+ 40. Kf2 Kxf4 41. Ra4+ Kf5 42. Ra5+ 1/2-1/2

[Event "Tianjin Binhai Cup-B 3rd"]
[Site "Tianjin"]
[Date "2023.08.22"]
[Round "5"]
[White "Xie, Jiaxiang"]
[Black "He, Ping"]
[Result "1-0"]
[WhiteElo "1694"]
[BlackElo "1727"]
[PlyCount "91"]
[EventDate "2023.08.20"]
[EventType "swiss"]
[EventRounds "9"]
[EventCountry "CHN"]
[SourceTitle "EXT 2024"]
[Source "ChessBase"]
[SourceDate "2023.10.10"]
[SourceVersion "1"]
[SourceVersionDate "2023.10.10"]
[SourceQuality "1"]

1. e4 c6 2. d4 d5 3. Nd2 e6 4. Ngf3 b6 5. Be2 Ba6 6. 0-0 Bxe2 7. Qxe2 Nf6 8. e5 Ng8 9. Rd1 h5 10. Nf1 Be7 11. c4 Nh6 12. cxd5 Qxd5 13. Ng3 h4 14. Ne4 Nf5 15. Nc3 Qd8 16. Qe4 Qc8 17. g4 hxg3 18. hxg3 Na6 19. a3 Rb8 20. Bf4 Qb7 21. Rac1 Nc7 22. Kg2 Rg8 23. Rh1 c5 24. Qxb7 Rxb7 25. Ne4 Nd5 26. Bd2 Kd7 27. dxc5 bxc5 28. Rc2 Rgb8 29. Rxc5 Rxb2 30. Ra5 R8b7 31. Rh7 Rc2 32. g4 Rc4 33. gxf5 Rxe4 34. Rxg7 Ke8 35. f6 Bd8 36. Rc5 Rc7 37. Rb5 Rc8 38. Ng5 Rxe5 39. Nxf7 Bxf6 40. Nd6+ Kf8 41. Rf7+ Kg8 42. Rxf6 Rc6 43. Rb8+ Kg7 44. Rf7+ Kg6 45. Rg8+ Kh5 46. Rh7# 1-0

[Event "CHN-ch U12"]
[Site "Shenzhen"]
[Date "2023.08.01"]
[Round "10"]
[White "Zhang, Haoxuan1111"]
[Black "Xie, Jiaxiang"]
[Result "1/2-1/2"]
[WhiteElo "1601"]
[BlackElo "1694"]
[PlyCount "79"]
[EventDate "2023.07.28"]
[EventType "swiss"]
[EventRounds "11"]
[EventCountry "CHN"]
[SourceTitle "CBM 215 Extra"]
[Source "ChessBase"]
[SourceDate "2023.09.30"]
[SourceVersion "1"]
[SourceVersionDate "2023.09.30"]
[SourceQuality "1"]

1. e4 c5 2. Nf3 e6 3. c3 d5 4. exd5 Qxd5 5. d4 Nc6 6. Be2 cxd4 7. cxd4 Nf6 8. Nc3 Bb4 9. 0-0 Qa5 10. Bd2 0-0 11. a3 Be7 12. b4 Qd8 13. Be3 a6 14. Rc1 Bd7 15. Qb3 Na7 16. Ne5 Nb5 17. Nxd7 Qxd7 18. Nxb5 axb5 19. Bf3 Ra6 20. Rc3 Rfa8 21. Qb2 Nd5 22. Bxd5 Qxd5 23. Rfc1 Rd8 24. Rc7 Bd6 25. Rc8 Ra8 26. Rxa8 Rxa8 27. h3 h6 28. Rc3 Ra6 29. Rc8+ Kh7 30. Qc3 Rc6 31. Rxc6 bxc6 32. Qd2 g5 33. h4 Kg6 34. hxg5 hxg5 35. f3 f6 36. Kf2 Qb3 37. Qc1 Qa2+ 38. Kg1 Bg3 39. Qxc6 Qxa3 40. Qe8+ 1/2-1/2

[Event "CHN-ch U12"]
[Site "Shenzhen"]
[Date "2023.07.31"]
[Round "8"]
[White "Wang, Youran"]
[Black "Xie, Jiaxiang"]
[Result "1/2-1/2"]
[WhiteElo "1579"]
[BlackElo "1694"]
[PlyCount "125"]
[EventDate "2023.07.28"]
[EventType "swiss"]
[EventRounds "11"]
[EventCountry "CHN"]
[SourceTitle "CBM 215 Extra"]
[Source "ChessBase"]
[SourceDate "2023.09.30"]
[SourceVersion "1"]
[SourceVersionDate "2023.09.30"]
[SourceQuality "1"]

1. e4 c5 2. Nf3 Nc6 3. d4 cxd4 4. Nxd4 e6 5. Nc3 Qc7 6. f4 a6 7. Nxc6 Qxc6 8. Bd3 Bc5 9. Qe2 d6 10. Bd2 Ne7 11. 0-0-0 Bd7 12. Rhf1 b5 13. f5 b4 14. Nb1 Rb8 15. e5 d5 16. f6 gxf6 17. Rxf6 Qa4 18. Rdf1 Nf5 19. R1xf5 Qxa2 20. Rg5 Bd4 21. c3 bxc3 22. Bxc3 Bxc3 23. Nxc3 Qa1+ 24. Bb1 d4 25. Rg3 dxc3 26. Rxc3 Rg8 27. Rf2 Rg5 28. Qe3 Rf5 29. g4 Rxf2 30. Qxf2 Rb4 31. Ra3 Rc4+ 32. Qc2 Rxc2+ 33. Kxc2 Qxa3 34. bxa3 h6 35. h4 Ke7 36. Kc3 f6 37. Kd4 Bb5 38. exf6+ Kxf6 39. Bd3 e5+ 40. Ke3 Bd7 41. Bxa6 Bxg4 42. a4 Bd7 43. a5 Bc6 44. Bc8 Bb5 45. Bg4 Ba6 46. Be2 Bb7 47. Bd3 Bc8 48. Be4 Ba6 49. Kd2 Ke6 50. Kc3 Kd6 51. Kb4 Be2 52. Kc3 Ba6 53. Kd2 Ke6 54. Ke3 Kf6 55. Kf3 Bc8 56. Kg3 Ke7 57. Kf2 Kf6 58. Bd3 Bb7 59. Ke3 Ke6 60. Be4 Ba6 61. Bd3 Bb7 62. a6 Bxa6 63. Bxa6 1/2-1/2

[Event "CHN-ch U12"]
[Site "Shenzhen"]
[Date "2023.07.31"]
[Round "7"]
[White "Xie, Jiaxiang"]
[Black "Jiang, Haochen"]
[Result "0-1"]
[WhiteElo "1694"]
[BlackElo "1815"]
[PlyCount "92"]
[EventDate "2023.07.28"]
[EventType "swiss"]
[EventRounds "11"]
[EventCountry "CHN"]
[SourceTitle "CBM 215 Extra"]
[Source "ChessBase"]
[SourceDate "2023.09.30"]
[SourceVersion "1"]
[SourceVersionDate "2023.09.30"]
[SourceQuality "1"]

1. e4 d6 2. d4 Nf6 3. f3 e5 4. dxe5 dxe5 5. Qxd8+ Kxd8 6. Bg5 c6 7. Nd2 Nbd7 8. 0-0-0 Bc5 9. Bc4 Ke7 10. Nb3 Bb6 11. Ne2 a5 12. a4 h6 13. Bd2 Nc5 14. Nxc5 Bxc5 15. Bc3 Nd7 16. Rhe1 Bb4 17. Rf1 Bxc3 18. Nxc3 Nc5 19. Kd2 Be6 20. Bxe6 fxe6 21. Ke3 Rhb8 22. f4 exf4+ 23. Rxf4 Nd7 24. Rg4 Rg8 25. Rh4 Rh8 26. Rf4 b6 27. b3 Ne5 28. h3 Rhc8 29. Rf2 Rab8 30. Kd4 Nd7 31. Rdf1 e5+ 32. Ke3 Nf6 33. Rd1 Rb7 34. g4 Rf8 35. Rg1 Nh7 36. Rf5 g6 37. Rxf8 Nxf8 38. g5 hxg5 39. Rxg5 Kf6 40. Rg4 Rh7 41. h4 Nd7 42. Ne2 Kf7 43. Kd3 Nf6 44. Rg5 Rxh4 45. Rxe5 Ng4 46. Rg5 Kf6 0-1

[Event "CHN-chT"]
[Site "Hangzhou"]
[Date "2023.05.21"]
[Round "3.3"]
[White "Chen, Hongsen"]
[Black "Xie, Jiaxiang"]
[Result "1-0"]
[WhiteElo "1995"]
[BlackElo "1692"]
[PlyCount "85"]
[EventDate "2023.05.19"]
[EventType "team-swiss"]
[EventRounds "9"]
[EventCountry "CHN"]
[SourceTitle "CBM 214 Extra"]
[Source "ChessBase"]
[SourceDate "2023.07.31"]
[SourceVersion "1"]
[SourceVersionDate "2023.07.31"]
[SourceQuality "1"]
[WhiteTeam "Jiangsu"]
[BlackTeam "Hebei"]
[WhiteTeamCountry "CHN"]
[BlackTeamCountry "CHN"]

1. d4 d5 2. c4 e6 3. Nc3 f5 4. Nf3 Nf6 5. Bf4 c6 6. e3 Be7 7. Bd3 0-0 8. h3 b6 9. 0-0 Ne4 10. Qc2 Bb7 11. Ne2 Nd7 12. a3 Qe8 13. b4 g5 14. Bh2 a6 15. c5 b5 16. a4 Qh5 17. Ne5 Nef6 18. Ra3 Rac8 19. Rfa1 Nxe5 20. Bxe5 Rf7 21. axb5 cxb5 22. Rxa6 Bxa6 23. Rxa6 Ne4 24. f3 Qh4 25. fxe4 Qe1+ 26. Kh2 fxe4 27. Bxb5 Rf1 28. Ng3 Rf2 29. Ra1 Qxe3 30. Qd1 Rcf8 31. Bd7 Bf6 32. Bxe6+ Kh8 33. Bd6 Bxd4 34. Ra3 Rd2 35. Rxe3 Rxd1 36. Ne2 Rff1 37. Nxd4 h5 38. Kg3 Kh7 39. Be5 Rd2 40. Bxd5 h4+ 41. Kh2 Rdd1 42. Bxe4+ Kg8 43. g4 1-0

[Event "CHN-ch sf"]
[Site "Hefei"]
[Date "2023.04.27"]
[Round "9"]
[White "Xie, Jiaxiang"]
[Black "Tao, Qibing"]
[Result "1/2-1/2"]
[WhiteElo "1564"]
[BlackElo "1847"]
[PlyCount "57"]
[EventDate "2023.04.23"]
[EventType "swiss"]
[EventRounds "11"]
[EventCountry "CHN"]
[SourceTitle "CBM 214 Extra"]
[Source "ChessBase"]
[SourceDate "2023.07.31"]
[SourceVersion "1"]
[SourceVersionDate "2023.07.31"]
[SourceQuality "1"]

1. e4 d5 2. exd5 Qxd5 3. Nc3 Qa5 4. d4 Nf6 5. Nf3 Bg4 6. h3 Bxf3 7. Qxf3 c6 8. Be2 e6 9. 0-0 Bd6 10. Nb5 Qd8 11. Nxd6+ Qxd6 12. Bf4 Qd8 13. Qb3 Qb6 14. Qg3 Nbd7 15. Bc7 Qxb2 16. Rab1 Qxa2 17. Rxb7 0-0 18. Qc3 Nd5 19. Qxc6 Nxc7 20. Qxd7 Nd5 21. Bd3 a5 22. f4 Rad8 23. Qb5 Ne3 24. Rf3 Nxc2 25. Rg3 g6 26. Qh5 Rd5 27. Qh6 Qa1+ 28. Kh2 Ne3 29. Rxg6+ 1/2-1/2

[Event "CHN-ch sf"]
[Site "Hefei"]
[Date "2023.04.25"]
[Round "5"]
[White "Fan, Jingyi"]
[Black "Xie, Jiaxiang"]
[Result "0-1"]
[WhiteElo "1886"]
[BlackElo "1564"]
[PlyCount "52"]
[EventDate "2023.04.23"]
[EventType "swiss"]
[EventRounds "11"]
[EventCountry "CHN"]
[SourceTitle "CBM 214 Extra"]
[Source "ChessBase"]
[SourceDate "2023.07.31"]
[SourceVersion "1"]
[SourceVersionDate "2023.07.31"]
[SourceQuality "1"]

1. d4 d5 2. Bf4 e6 3. e3 c6 4. Nf3 f5 5. c4 Nf6 6. Nc3 Bd6 7. Bd3 0-0 8. 0-0 b6 9. Rc1 Ne4 10. a3 Bb7 11. b4 g5 12. Bxd6 Nxd6 13. c5 Ne4 14. Ne5 Nd7 15. Bxe4 fxe4 16. Nxd7 Qxd7 17. Qg4 Rf5 18. Ne2 Ba6 19. f4 Qg7 20. fxg5 h5 21. Qxh5 Rxg5 22. Qh3 Bxe2 23. Qxe6+ Kh8 24. Rf7 Rxg2+ 25. Kh1 Bf3 26. Qh3+ Kg8 0-1

[Event "CHN-ch sf"]
[Site "Hefei"]
[Date "2023.04.23"]
[Round "2"]
[White "Zhang, Fuhan"]
[Black "Xie, Jiaxiang"]
[Result "0-1"]
[WhiteElo "2160"]
[BlackElo "1564"]
[PlyCount "68"]
[EventDate "2023.04.23"]
[EventType "swiss"]
[EventRounds "11"]
[EventCountry "CHN"]
[SourceTitle "CBM 214 Extra"]
[Source "ChessBase"]
[SourceDate "2023.07.31"]
[SourceVersion "1"]
[SourceVersionDate "2023.07.31"]
[SourceQuality "1"]

1. d4 f5 2. Nf3 Nf6 3. g3 e6 4. Bg2 d5 5. 0-0 c6 6. c4 Bd6 7. Qc2 0-0 8. b3 Qe7 9. Bb2 b6 10. Nbd2 Ne4 11. Ne1 Bb7 12. Nd3 Nd7 13. Rad1 Rad8 14. Nf3 Qe8 15. Nfe5 Nxe5 16. dxe5 Be7 17. b4 Ba6 18. b5 cxb5 19. cxd5 exd5 20. Nf4 Bb7 21. Ne6 Rc8 22. Qb3 Rf7 23. Nf4 Bg5 24. Nxd5 Rc4 25. Ne3 Bxe3 26. Qxe3 Qe7 27. Rd4 Nc5 28. Bxb7 Rxd4 29. Bxd4 Nxb7 30. Qb3 a6 31. Bxb6 Qxe5 32. Rc1 Nd6 33. Rc6 Nc4 34. Bc7 Rxc7 0-1

[Event "CHN-chTB"]
[Site "Hefei"]
[Date "2023.04.19"]
[Round "4"]
[White "Xie, Jiaxiang"]
[Black "Cai, Zhuoran"]
[Result "1/2-1/2"]
[WhiteElo "1564"]
[BlackElo "1860"]
[PlyCount "81"]
[EventDate "2023.04.17"]
[EventType "team-swiss"]
[EventRounds "9"]
[EventCountry "CHN"]
[SourceTitle "EXT 2024"]
[Source "ChessBase"]
[SourceDate "2023.10.10"]
[SourceVersion "1"]
[SourceVersionDate "2023.10.10"]
[SourceQuality "1"]
[WhiteTeam "Hebei"]
[BlackTeam "Tianjin Yipin"]
[WhiteTeamCountry "CHN"]
[BlackTeamCountry "CHN"]

1. e4 d6 2. d4 Nf6 3. f3 c6 4. Nc3 e5 5. dxe5 dxe5 6. Qxd8+ Kxd8 7. Bc4 Be6 8. Bxe6 fxe6 9. Bg5 Nbd7 10. 0-0-0 Kc7 11. Nge2 h6 12. Bh4 Bc5 13. Rd3 g5 14. Bg3 Nh5 15. Rhd1 Rhd8 16. Na4 Be7 17. Nd4 Ng7 18. Nb3 b6 19. Nc3 Bf6 20. Ne2 Nh5 21. Nd2 b5 22. Nf1 Nf4 23. Nxf4 exf4 24. Bf2 Nb6 25. Rxd8 Rxd8 26. Rxd8 Kxd8 27. Nd2 Kc7 28. c3 a6 29. Nb3 Nd7 30. Nc5 Nxc5 31. Bxc5 h5 32. h3 Kd7 33. Kd2 e5 34. c4 Be7 35. Bxe7 Kxe7 36. Kc3 a5 37. cxb5 cxb5 38. b4 a4 39. a3 Kf6 40. Kd3 g4 41. h4 1/2-1/2

[Event "CHN-chT"]
[Site "Nanjing"]
[Date "2023.02.20"]
[Round "7.3"]
[White "Xie, Jiaxiang"]
[Black "Li, Jiahong"]
[Result "1/2-1/2"]
[WhiteElo "1506"]
[BlackElo "1819"]
[PlyCount "113"]
[EventDate "2023.02.14"]
[EventType "team-swiss"]
[EventRounds "9"]
[EventCountry "CHN"]
[SourceTitle "CBM 212 Extra"]
[Source "ChessBase"]
[SourceDate "2023.03.31"]
[SourceVersion "1"]
[SourceVersionDate "2023.03.31"]
[SourceQuality "1"]
[WhiteTeam "Hunan"]
[BlackTeam "Wuxi"]
[WhiteTeamCountry "CHN"]
[BlackTeamCountry "CHN"]

1. e4 e5 2. Nf3 Nc6 3. Bc4 Bc5 4. 0-0 Nf6 5. d3 0-0 6. c3 d6 7. Re1 Be6 8. Bb5 Bb6 9. Nbd2 h6 10. Nf1 Ne7 11. Ng3 c6 12. Ba4 Ng6 13. d4 Bg4 14. Be3 Nh4 15. Bb3 Qc8 16. Bc4 Bxf3 17. gxf3 Nh5 18. Bf1 Nf4 19. Kh1 g5 20. dxe5 dxe5 21. Qb3 Qe6 22. Bc4 Qf6 23. Rad1 Nd3 24. Nf5 Nxf5 25. Rxd3 Nxe3 26. fxe3 Qxf3+ 27. Kg1 Rad8 28. Qc2 Qxe4 29. b3 Rd6 30. Qe2 Rf6 31. Qg2 Qf4 32. Kh1 Qh4 33. Rf1 Rxf1+ 34. Qxf1 Qe4+ 35. Qg2 Qxg2+ 36. Kxg2 e4 37. Rd7 Bxe3 38. Rxb7 Bb6 39. Re7 e3 40. a4 Kg7 41. b4 a5 42. Rb7 Bd8 43. Kf3 Bf6 44. bxa5 Bxc3 45. a6 Bd4 46. a7 Ra8 47. Rxf7+ Kg6 48. Rd7 Bxa7 49. Rd6+ Kf5 50. Rxc6 Bd4 51. Rxh6 Rxa4 52. Bd3+ Ke5 53. Rh5 Ra3 54. Rxg5+ Kf6 55. Rf5+ Ke6 56. Bb1 Ra1 57. Rb5 1/2-1/2